मीडिया और बाजार (Record no. 1228011)

MARC details
000 -LEADER
fixed length control field 00726nam a2200217Ia 4500
005 - DATE AND TIME OF LATEST TRANSACTION
control field 20241129110909.0
008 - FIXED-LENGTH DATA ELEMENTS--GENERAL INFORMATION
fixed length control field 241129s9999||||xx |||||||||||||| ||und||
020 ## - INTERNATIONAL STANDARD BOOK NUMBER
International Standard Book Number 978-93-80458-96-0
037 ## - SOURCE OF ACQUISITION
Stock number TB
040 ## - CATALOGING SOURCE
Original cataloging agency CRL
Language of cataloging hin
Transcribing agency CRL
041 ## - LANGUAGE CODE
Language code of text/sound track or separate title hin
Source of code hin
084 ## - COLON CLASSIFICATION NUMBER
Classification number 4 152Q8
Assigning agency CRL
100 ## - MAIN ENTRY--PERSONAL NAME
Personal name नन्दा, वर्तिका, संपा.
245 #0 - TITLE STATEMENT
Title मीडिया और बाजार
Statement of responsibility, etc. नन्दा, वर्तिका, संपा.
260 ## - PUBLICATION, DISTRIBUTION, ETC.
Place of publication, distribution, etc. नयी दिल्ली, भारत
Name of publisher, distributor, etc. सामयिक बुक्स
Date of publication, distribution, etc. 2018
300 ## - PHYSICAL DESCRIPTION
Extent 175पृ0
365 ## - TRADE PRICE
Price type code INR
Price amount 400
650 ## - SUBJECT ADDED ENTRY--TOPICAL TERM
Topical term or geographic name entry element Mass Communication
9 (RLIN) 437314
942 ## - ADDED ENTRY ELEMENTS (KOHA)
Koha item type Textbook
Classification part 4 152Q8

No items available.

Copyright @ Delhi University Library System